Elke vorm van NAVO-vlaggen - Statistieken

Algemene statistieken
  • Deze quiz is 18 keer genomen
  • De gemiddelde score is 30 van 32
Antwoordstatistieken
Foto Antwoord % Correct
Albanië
100%
Canada
100%
Duitsland
100%
Estland
100%
Finland
100%
Frankrijk
100%
Italië
100%
Kroatië
100%
Tsjechië
100%
België
94%
Bulgarije
94%
Denemarken
94%
Griekenland
94%
Luxemburg
94%
Nederland
94%
Noord-Macedonië
94%
Portugal
94%
Roemenië
94%
Slovenië
94%
Slowakije
94%
Spanje
94%
Turkije
94%
Verenigde Staten
94%
Verenigd Koninkrijk
94%
Zweden
94%
Hongarije
88%
IJsland
88%
Letland
88%
Noorwegen
88%
Polen
88%
Litouwen
82%
Montenegro
82%
Geen overeenkomende quizzen gevonden
Scoreverdeling
Procent van Mensen met Elke Score
Percentiel versus Aantal Correcte Antwoorden
Uw Scoregeschiedenis
U heeft deze quiz nog niet genomen